000 00318nam a22001457a 4500
008 210602b ||||| |||| 00| 0 eng d
020 _a9780155037694
041 _aeng
080 _29th
_a7
082 _a7
100 _a44
101 _aART
245 _aArt Through the Ages
_cRichard G. Tansey
942 _2udc
_cBK
999 _c57925
_d57925